Así se habla en público / (Registro nro. 4584)

Detalles MARC
000 -LEADER
fixed length control field 01007nam a2200265Ia 4500
003 - CONTROL NUMBER IDENTIFIER
control field OSt
005 - DATE AND TIME OF LATEST TRANSACTION
control field 20200917214146.0
008 - FIXED-LENGTH DATA ELEMENTS--GENERAL INFORMATION
fixed length control field 191128s1997 ck a gr 000 0dspa d
020 ## - INTERNATIONAL STANDARD BOOK NUMBER
International Standard Book Number 9586481352
040 ## - CATALOGING SOURCE
Original cataloging agency CO-JMCR
Transcribing agency CO-JMCR
041 0# - LANGUAGE CODE
Language code of text/sound track or separate title spa
082 04 - DEWEY DECIMAL CLASSIFICATION NUMBER
Classification number 808.53 /
Item number D277a
Edition number 23
100 1# - MAIN ENTRY--PERSONAL NAME
Personal name Díaz Sossa, German,
Relator term autor
9 (RLIN) 10449
245 10 - TITLE STATEMENT
Title Así se habla en público /
Statement of responsibility, etc. German Díaz Sossa ; ilustraciones Turcios
250 ## - EDITION STATEMENT
Edition statement Tercera edicicón
260 ## - PUBLICATION, DISTRIBUTION, ETC.
Place of publication, distribution, etc. Bogotá :
Name of publisher, distributor, etc. Ecoe,
Date of publication, distribution, etc. 1997
300 ## - PHYSICAL DESCRIPTION
Extent 413 páginas :
Other physical details ilustraciones a blanco y negro ;
Dimensions 22 cm.
500 ## - GENERAL NOTE
General note Incluye datos biográficos del autor en solapa frontal.
505 0# - FORMATTED CONTENTS NOTE
Formatted contents note Lenguaje no verbal. Contacto visual -- Todo lo que usted queria saber -- Contacto visual -- Inicio -- Daniel Samper Pizano -- Enrique Castellanos Rojas -- Confianza -- Haga aportes
650 14 - SUBJECT ADDED ENTRY--TOPICAL TERM
Topical term or geographic name entry element Oratoria
9 (RLIN) 10450
650 14 - SUBJECT ADDED ENTRY--TOPICAL TERM
Topical term or geographic name entry element Retórica
9 (RLIN) 10451
650 14 - SUBJECT ADDED ENTRY--TOPICAL TERM
Topical term or geographic name entry element Hablar en público
9 (RLIN) 10452
700 1# - ADDED ENTRY--PERSONAL NAME
Personal name Turcios,
Relator term ilustrador
9 (RLIN) 10453
942 ## - ADDED ENTRY ELEMENTS (KOHA)
Source of classification or shelving scheme Dewey Decimal Classification
Koha item type Books
Existencias
Withdrawn status Lost status Source of classification or shelving scheme Damaged status Not for loan Collection code Home library Current library Date acquired Source of acquisition Full call number Barcode Date last seen Copy number Koha item type Public note
    Dewey Decimal Classification     Non-fiction Biblioteca Pública José María del Castillo y Rada Biblioteca Pública José María del Castillo y Rada 07/18/2019 Donación 808.53 / D277a 201809588 05/16/2024 Ej.1 Books Exlibris : rúbrica y dedicatria del autor en primera página.